Detalles MARC
| 000 -CABECERA |
| campo de control de longitud fija |
00952nam a2200277 a 4500 |
| 001 - NÚMERO DE CONTROL |
| campo de control |
000007225 |
| 005 - FECHA Y HORA DE LA ÚLTIMA TRANSACCIÓN |
| campo de control |
20240410184606.0 |
| 008 - DATOS DE LONGITUD FIJA--INFORMACIÓN GENERAL |
| campo de control de longitud fija |
090907s2002 dr 001 0 spa d |
| 020 ## - NÚMERO INTERNACIONAL ESTÁNDAR DEL LIBRO |
| Número Internacional Estándar del Libro |
999346208X |
| 040 ## - FUENTE DE LA CATALOGACIÓN |
| Centro catalogador/agencia de origen |
DO-SdBNP |
| Lengua de catalogación |
spa |
| Centro/agencia transcriptor |
BNPHU |
| 082 ## - NÚMERO DE LA CLASIFICACIÓN DECIMAL DEWEY |
| Número de clasificación |
617.6342 |
| Número de documento/Ítem |
S678p |
| 100 1# - ENTRADA PRINCIPAL--NOMBRE DE PERSONA |
| Nombre de persona |
Socías Báez, Nelson |
| 9 (RLIN) |
20042 |
| 245 10 - MENCIÓN DE TÍTULO |
| Título |
Producción de conocimiento en odontología / |
| Mención de responsabilidad, etc. |
Nelson Socías Báez. |
| 260 ## - PUBLICACIÓN, DISTRIBUCIÓN, ETC. |
| Lugar de publicación, distribución, etc. |
Santo Domingo : |
| Nombre del editor, distribuidor, etc. |
Universitaria, |
| Fecha de publicación, distribución, etc. |
2002. |
| 300 ## - DESCRIPCIÓN FÍSICA |
| Extensión |
49 p. ; |
| Dimensiones |
21 cm. |
| 490 1# - MENCIÓN DE SERIE |
| Mención de serie |
Universidad Autonóma de Santo Domingo ; |
| Designación de volumen o secuencia |
1060 |
| 490 1# - MENCIÓN DE SERIE |
| Mención de serie |
Salud y Sociedad ; |
| Designación de volumen o secuencia |
39 |
| 500 ## - NOTA GENERAL |
| Nota general |
Incluye datos biográficos del autor en la solapa |
| 504 ## - NOTA DE BIBLIOGRAFÍA, ETC. |
| Nota de bibliografía, etc. |
Bibliografía : p. 45 - 49 |
| 650 #0 - PUNTO DE ACCESO ADICIONAL DE MATERIA--TÉRMINO DE MATERIA |
| Término de materia o nombre geográfico como elemento de entrada |
ODONTOLOGÍA |
| 9 (RLIN) |
20035 |
| 650 #4 - PUNTO DE ACCESO ADICIONAL DE MATERIA--TÉRMINO DE MATERIA |
| Término de materia o nombre geográfico como elemento de entrada |
Endodoncia |
| Subdivisión de forma |
MANUALES |
| 9 (RLIN) |
20043 |
| 650 #4 - PUNTO DE ACCESO ADICIONAL DE MATERIA--TÉRMINO DE MATERIA |
| Término de materia o nombre geográfico como elemento de entrada |
Pulpa dental |
| 9 (RLIN) |
20044 |
| 650 #4 - PUNTO DE ACCESO ADICIONAL DE MATERIA--TÉRMINO DE MATERIA |
| Término de materia o nombre geográfico como elemento de entrada |
Canal radicular |
| 9 (RLIN) |
20045 |
| 830 #0 - PUNTO DE ACCESO ADICIONAL DE SERIE-TÍTULO UNIFORME |
| Título uniforme |
Universidad Autonóma de Santo Domingo ; |
| Número de parte o sección de la obra |
1060 |
| 9 (RLIN) |
20046 |
| 830 #0 - PUNTO DE ACCESO ADICIONAL DE SERIE-TÍTULO UNIFORME |
| Título uniforme |
Salud y Sociedad ; |
| Número de parte o sección de la obra |
39 |
| 9 (RLIN) |
20047 |